000 00342nam a2200145Ia 4500
008 191201s2009 xx 000 0 und d
082 _a658.87
_bSHM
100 _aSHERLEKAR,SA
245 0 _aMarketing Management
250 _aRep
260 _aN.Delhi
_bHimalaya Publication House
_c2009
300 _a531
650 _aMBA
942 _2ddc
_cBK
999 _c4299
_d4299